000 00871cam a22002653a 4500
001 14
003 PGUSA
005 20140828082942.0
008 910401s1991||||xxu|||||s|||||000 | eng d
040 _aPGUSA
_beng
042 _adc
050 4 _aG
100 1 _aUnited States. Central Intelligence Agency
245 1 4 _aThe 1990 CIA World Factbook
_h[electronic resource] /
_cUnited States. Central Intelligence Agency
260 _bProject Gutenberg,
_c1991
506 _aPublic domain in the USA.
516 _aElectronic text
653 _aPolitical statistics -- Handbooks, manuals, etc.
653 _aGeography -- Handbooks, manuals, etc.
653 _aWorld politics -- Handbooks, manuals, etc.
653 _aPolitical science -- Handbooks, manuals, etc.
830 0 _aProject Gutenberg
_v14
856 4 0 _uhttp://www.gutenberg.org/ebooks/14
942 _cEB
999 _c229385
_d229385